In-House-Banking Neue Erfolgsstrategien im Finanzmanagement internationaler Unternehmen

Gespeichert in:
Bibliographische Detailangaben
1. Verfasser: Richtsfeld, Jörg
Format: Buch
Sprache:Deutsch
Veröffentlicht: Wiesbaden Gabler 1994
Ausgabe:1. Aufl.
Schriftenreihe:Schriftenreihe für Kreditwirtschaft und Finanzierung Band 18
Schlagworte:
Tags: Tag hinzufügen
Keine Tags, Fügen Sie das erste Tag hinzu!

MARC

LEADER 00000nam a2200000 4500
001 c006191
005 20221221080215.6
020 |a 3-409-13486-7 
041 0 |a ger 
044 |a DE 
245 1 0 |a In-House-Banking  |b Neue Erfolgsstrategien im Finanzmanagement internationaler Unternehmen  |c Jörg Richtsfeld 
250 |a 1. Aufl. 
264 1 |a Wiesbaden  |b Gabler  |c 1994 
300 |a 358 s. 
490 1 |a Schriftenreihe für Kreditwirtschaft und Finanzierung  |v Band 18 
830 0 |a Schriftenreihe für Kreditwirtschaft und Finanzierung  |v Band 18 
610 2 0 |a podnik medzinárodný 
610 2 0 |a spoločnosti finančné 
610 2 0 |a manažment finančný 
610 2 0 |a banky 
610 2 0 |a financovanie 
610 2 0 |a politika finančná 
610 2 0 |a konkurencia 
610 2 0 |a netting 
610 2 0 |a Matching 
100 1 |a Richtsfeld, Jörg